Statistics for General Knowledge 101

Click here to take the quiz!

General Stats

  • This quiz has been taken 444 times
    (231 since last reset)
  • The average score is 17 of 19

Answer Stats

Question Answer Idiot's answer (all of these are genuine!) % Correct
Name a country that begins with UUganda, UAE, UK, USA, Ukraine, Uruguay, UzbekistanYugoslavia, Utah, Utopia
100%
How many sides does a triangle have?ThreeFour, One
98%
Kofi Annan is a drink, True or False?FalseCoffee is a drink, Coffee in what?, It sounds like a law firm
97%
The language spoken in Latin America is Latin, True or False?FalseThe what?
97%
How many kidneys does a person have?TwoOne
97%
Star Wars is based on a true story, True or False?FalseTrue
97%
How many World Wars have there been?TwoThree
97%
What is the currency used in the United Kingdom?Pound (Sterling)What is the United Kingdom?, American money
96%
How many Eiffel Towers are there in Paris?OneTen
96%
Where was the Berlin WallBerlin, Germany*after long pause* Israel
95%
Who was the first man on the moon?Neil ArmstrongJohn Glen, 'Armstrong walked on the moon but I think it was a Russian'
95%
Which state does KFC come from?KentuckyThey did not know the answer, but were able to say that KFC stood for Kentucky Fried Chicken
94%
What is the religion of Israel?JudaismIsraeli, Muslim, Islamic, Catholic
88%
Who was Tony Blair?British Prime MinisterSkater, Actor, Linda Blair's brother
86%
Who is Fidel Castro?Cuban PoliticianA singer
86%
Who was leader of al-Qaeda?Osama Bin LadenYasser Arafat, A wing of the Masonic Order
85%
What are Hiroshima and Nagasaki famous for?Atomic Bombing in World War IIJudo-Wrestling
85%
What religion are Buddhist monks?BuddhistIslamic
72%
What is a mosque?Place of worshipAn animal
68%

Score Distribution

Percentile by Number Answered

Percent of People with Each Score

Your Score History

You have not taken this quiz since the last reset